| 000 | 01013nam a2200241 i 4500 | ||
|---|---|---|---|
| 001 | 46517 | ||
| 003 | ES-MaACL | ||
| 005 | 20250627063628.0 | ||
| 007 | t| | ||
| 008 | 030331s1858 sp ||||1| spa d | ||
| 100 | 1 |
_aComettant, Oscar, _d1819-1898 _940004 |
|
| 245 | 1 | 0 |
_aTres años en los Estados-Unidos : _bestudio de los hábitos y costumbes americanas / _cpor Oscar Comettant ; traducida del francés por los señores Don Santiago Infante de Palacios y D. Federico Utrera. |
| 246 | 2 | _aTres años en los Estados Unidos | |
| 260 |
_aMadrid : _bJ.J.M., _c1858 ( _fImp. y Lit. de D. J.J. Martínez) |
||
| 300 |
_aVIII, 288 p., [4] h. de lám. ; _c23 cm. |
||
| 530 | _aDisponible en formato digital. | ||
| 651 | 4 |
_aEstados Unidos- _xUsos y costumbres. _9173836 |
|
| 700 | 1 |
_aInfante de Palacios, Santiago. _965259 |
|
| 700 | 1 |
_aUtrera, Federico. _9112330 |
|
| 852 | 4 |
_aES-MaACL _jF-1879 |
|
| 856 | 4 |
_uhttps://archive.org/details/tresadnosenlos00comerich _zInternet Archive |
|
| 999 |
_c46517 _d46517 |
||